Science Quiz

Random Science or State Quiz

Millennium Prize Problems Quiz Stats

Quiz not verified by Sporcle

Challenge
Share
Tweet
Embed
Score 0/7 Timer 04:00
0 Plays Today
Problem Officially Stated By Problem % Correct
Enrico BombieriRiemann hypothesis
93.3%
Stephen CookP vs. NP
93.3%
John MilnorPoincare conjecture
86.7%
Andrew WilesBirch and Swinnerton-Dyer conjecture
53.3%
Charles FeffermanNavier-Stokes existence
53.3%
Pierre DeligneHodge conjecture
53.3%
Arthur Jaffe and Edward WittenYang-Mills existence
46.7%

You're not logged in!

Compare scores with friends on all Sporcle quizzes.
Sign Up with Email
OR
Log In

You Might Also Like...

Show Comments

Extras

Top Quizzes Today


Score Distribution

Your Account Isn't Verified!

In order to create a playlist on Sporcle, you need to verify the email address you used during registration. Go to your Sporcle Settings to finish the process.

Report this User

Report this user for behavior that violates our Community Guidelines.

Details: